000 00339nam a2200157Ia 4500
003 OSt
005 20240120110321.0
008 170524s9999 xx 000 0 und d
020 _a9789352606405
040 _ciimtu
100 _aKothari DP
245 0 _aElectric machines
260 _bTMH New Delhi
260 _c2004
942 _c02
_2ddc
999 _c5525
_d5525